|
|
|
|
| LEADER |
03757nam a22005535i 4500 |
| 001 |
978-981-10-7098-3 |
| 003 |
DE-He213 |
| 005 |
20180110040706.0 |
| 007 |
cr nn 008mamaa |
| 008 |
180110s2017 si | s |||| 0|eng d |
| 020 |
|
|
|a 9789811070983
|9 978-981-10-7098-3
|
| 024 |
7 |
|
|a 10.1007/978-981-10-7098-3
|2 doi
|
| 040 |
|
|
|d GrThAP
|
| 050 |
|
4 |
|a TK7874.6
|
| 072 |
|
7 |
|a UYQE
|2 bicssc
|
| 072 |
|
7 |
|a COM025000
|2 bisacsh
|
| 082 |
0 |
4 |
|a 004.6
|2 23
|
| 245 |
1 |
0 |
|a Applications of Soft Computing for the Web
|h [electronic resource] /
|c edited by Rashid Ali, MM Sufyan Beg.
|
| 264 |
|
1 |
|a Singapore :
|b Springer Singapore :
|b Imprint: Springer,
|c 2017.
|
| 300 |
|
|
|a XVIII, 288 p. 85 illus., 62 illus. in color.
|b online resource.
|
| 336 |
|
|
|a text
|b txt
|2 rdacontent
|
| 337 |
|
|
|a computer
|b c
|2 rdamedia
|
| 338 |
|
|
|a online resource
|b cr
|2 rdacarrier
|
| 347 |
|
|
|a text file
|b PDF
|2 rda
|
| 505 |
0 |
|
|a Section 1. Soft Computing based Recommender Systems -- Section 2. Soft Computing based Online Documents Summarization -- Section 3. Soft Computing based Web Data Extraction -- Section 4. Soft Computing based Question Answering Systems -- Section 5. Soft Computing based Online Health Care Systems -- Section 6. Soft Computing based Online Documents Clustering -- Section 7. Soft Computing based Web Security Applications -- Section 8. Soft Computing based Online Market Intelligence -- Section 9. Soft Computing based Internet of Things Applications -- Section 10. Other Emerging Soft Computing Techniques and Applications.
|
| 520 |
|
|
|a This book discusses the applications of different soft computing techniques for the web-based systems and services. The respective chapters highlight recent developments in the field of soft computing applications, from web-based information retrieval to online marketing and online healthcare. In each chapter author endeavor to explain the basic ideas behind the proposed applications in an accessible format for readers who may not possess a background in these fields. This carefully edited book covers a wide range of new applications of soft computing techniques in Web recommender systems, Online documents classification, Online documents summarization, Online document clustering, Online market intelligence, Web usage profiling, Web data extraction, Social network extraction, Question answering systems, Online health care, Web knowledge management, Multimedia information retrieval, Navigation guides, User profiles extraction, Web-based distributed information systems, Web security applications, Internet of Things Applications and so on. The book is aimed for researchers and practitioner who are engaged in developing and applying intelligent systems principles for solving real-life problems. Further, it has been struct.
|
| 650 |
|
0 |
|a Computer science.
|
| 650 |
|
0 |
|a E-business.
|
| 650 |
|
0 |
|a Electronic commerce.
|
| 650 |
|
0 |
|a E-commerce.
|
| 650 |
|
0 |
|a Special purpose computers.
|
| 650 |
|
0 |
|a Data mining.
|
| 650 |
|
0 |
|a Information storage and retrieval.
|
| 650 |
|
0 |
|a Application software.
|
| 650 |
1 |
4 |
|a Computer Science.
|
| 650 |
2 |
4 |
|a Special Purpose and Application-Based Systems.
|
| 650 |
2 |
4 |
|a Data Mining and Knowledge Discovery.
|
| 650 |
2 |
4 |
|a Information Storage and Retrieval.
|
| 650 |
2 |
4 |
|a Information Systems Applications (incl. Internet).
|
| 650 |
2 |
4 |
|a e-Business/e-Commerce.
|
| 650 |
2 |
4 |
|a Computer Applications.
|
| 700 |
1 |
|
|a Ali, Rashid.
|e editor.
|
| 700 |
1 |
|
|a Beg, MM Sufyan.
|e editor.
|
| 710 |
2 |
|
|a SpringerLink (Online service)
|
| 773 |
0 |
|
|t Springer eBooks
|
| 776 |
0 |
8 |
|i Printed edition:
|z 9789811070976
|
| 856 |
4 |
0 |
|u http://dx.doi.org/10.1007/978-981-10-7098-3
|z Full Text via HEAL-Link
|
| 912 |
|
|
|a ZDB-2-SCS
|
| 950 |
|
|
|a Computer Science (Springer-11645)
|